[Event "28. Friedensfest-Open (AFRO-A)"]
[Site "Augsburg"]
[Date "2023.08.04"]
[Round "4.32"]
[White "Schneider, Peter"]
[Black "Seisenberger, Georg"]
[Result "0-1"]
[WhiteElo "1679"]
[BlackElo "2057"]
[EventDate "2023.08.03"]
[Time "15:30:00"]
[WhiteTeam "SC Wolfratshausen 1948 e.V."]
[BlackTeam "SV Ilmmuenster"]

1.e4 c5 2.Nf3 e6 3.b4 cxb4 4.d4 d5 5.e5 Nc6 6.a3 Nge7 7.axb4 Nxb4 8.c3 
Nbc6 9.Bd3 Ng6 10.h4 Bd7 11.Na3 a6 12.h5 Nge7 13.Bg5 h6 14.Bh4 Qb8 15.g4 
b5 16.Rb1 Na5 17.Qd2 Qc7 18.Ke2 Nc4 19.Nxc4 dxc4 20.Be4 Bc6 21.Bxc6+ Qxc6 
22.Bxe7 Bxe7 23.Qf4 a5 24.Rhc1 Qd5 25.Nd2 Bg5 26.Qg3 Bxd2 27.Kxd2 Rb8 28.
f4 b4 29.f5 b3 30.fxe6 fxe6 31.g5 Rb7 32.Rf1 Qe4 33.Rb2 hxg5 34.Qh3 g4 35.
Qg3 Rxh5 36.Re1 Qf3 37.Re3 Qxg3 38.Rxg3 Rh2+ 39.Kc1 Rh1+ 40.Kd2 a4 0-1

[Event "28. Friedensfest-Open (AFRO-A)"]
[Site "Augsburg"]
[Date "2023.08.03"]
[Round "2.16"]
[White "Waibel, Manuel"]
[Black "Mayer, Arnd"]
[Result "0-1"]
[WhiteElo "1815"]
[BlackElo "2019"]
[EventDate "2023.08.03"]
[Time "15:30:00"]
[WhiteTeam "Schachges. Augsburg 1873"]
[BlackTeam "SV Jedesheim 1921"]

1.e4 c5 2.Nf3 e6 3.d4 cxd4 4.Nxd4 a6 5.Be3 Nf6 6.Nc3 Qc7 7.Be2 Bb4 8.Qd3 
Nxe4 9.Qxe4 Bxc3+ 10.Kf1 Bxb2 11.Rb1 Ba3 12.Nxe6 dxe6 13.Qa4+ Bd7 14.Qxa3 
Bc6 15.f3 Nd7 16.Kf2 Qd8 17.h4 Qe7 18.Qb2 O-O 19.h5 h6 20.Rh3 f6 21.Rg3 
Kh8 22.Bd3 Ne5 23.Qc1 Nf7 24.Bg6 Ng5 25.Rb4 Qxb4 0-1

[Event "28. Friedensfest-Open (AFRO-A)"]
[Site "Augsburg"]
[Date "2023.08.03"]
[Round "1.39"]
[White "Sensoy, Emir"]
[Black "Doll, Luca Fabio"]
[Result "0-1"]
[WhiteElo "1416"]
[BlackElo "1757"]
[EventDate "2023.08.03"]
[Time "09:30:00"]
[WhiteTeam "MSA Zugzwang 82 e.V."]
[BlackTeam "TSV Langenau"]

1.e4 c5 2.Nf3 e6 3.d4 cxd4 4.Nxd4 a6 5.c4 Qc7 6.Nc3 Nc6 7.Be3 Nf6 8.a3 Be7
9.Be2 O-O 10.O-O d6 11.h3 Bd7 12.b4 Rac8 13.Rc1 Ne5 14.f4 Nxc4 15.Bxc4 
Qxc4 16.Nb1 Qa2 17.Rf2 Qa1 18.Nb3 Ba4 19.Nxa1 Bxd1 20.Rxd1 Nxe4 21.Re2 f5 
22.Bf2 Bf6 23.Nb3 g6 24.Nd4 Kf7 25.Ree1 Rfd8 26.Nd2 Nxf2 27.Nxe6 Nxd1 28.
Nxd8+ Bxd8 29.Rxd1 Bb6+ 30.Kf1 Be3 31.g3 Bxd2 32.Rxd2 Ke7 33.Rd3 Rc2 34.h4
b5 35.Ke1 d5 36.Kd1 Rg2 37.Re3+ Kd7 38.Rd3 Kd6 39.Ke1 Rc2 40.Kd1 Rc4 41.
Kd2 d4 42.Rb3 Kd5 43.Kd3 h5 44.Ke2 Rc3 45.Rxc3 dxc3 46.Kd3 c2 47.Kxc2 Ke4 
48.a4 Kf3 49.axb5 axb5 50.Kd3 Kxg3 0-1

[Event "28. Friedensfest-Open (AFRO-A)"]
[Site "Augsburg"]
[Date "2023.08.05"]
[Round "6.4"]
[White "Goettler, Raphael"]
[Black "Schwan, Aaron"]
[Result "0-1"]
[WhiteElo "1689"]
[BlackElo "1834"]
[EventDate "2023.08.03"]
[Time "15:30:00"]
[WhiteTeam "Schachfreunde Augsburg"]
[BlackTeam "SK Tarrasch 1945 Muenchen"]

1.e4 c5 2.Nf3 e6 3.d4 cxd4 4.Nxd4 a6 5.Bd3 Nf6 6.Nc3 Qc7 7.O-O b5 8.a3 Bb7
9.Re1 d6 10.Qe2 Nbd7 11.Be3 Nc5 12.f3 d5 13.exd5 Nxd5 14.Nxd5 Bxd5 15.Rad1
Bd6 16.Bxb5+ axb5 17.Nxb5 Bxh2+ 18.Kh1 Qe5 19.Nc7+ Qxc7 20.Rxd5 Nd7 21.Bd4
O-O 22.Rh5 e5 23.Rxh2 exd4 24.Qd3 Nf6 25.Qxd4 Qxc2 0-1

[Event "28. Friedensfest-Open (AFRO-A)"]
[Site "Augsburg"]
[Date "2023.08.03"]
[Round "2.13"]
[White "Schwan, Aaron"]
[Black "Seisenberger, Georg"]
[Result "1/2-1/2"]
[WhiteElo "1834"]
[BlackElo "2057"]
[EventDate "2023.08.03"]
[Time "15:30:00"]
[WhiteTeam "SK Tarrasch 1945 Muenchen"]
[BlackTeam "SV Ilmmuenster"]

1.e4 c5 2.Nf3 e6 3.d4 cxd4 4.Nxd4 Nc6 5.Nc3 Qc7 6.Be2 a6 7.O-O Nf6 8.Be3 
Be7 9.f4 d6 10.Bf3 Bd7 11.Qe1 O-O 12.Qg3 Rfe8 13.Kh1 Rad8 14.Rae1 Kh8 15.
Qf2 Qb8 16.g4 e5 17.Nxc6 bxc6 18.f5 Qxb2 19.Qd2 Qb7 20.g5 Ng8 21.Rg1 d5 
22.Rb1 Qa8 23.Bb6 Rb8 24.exd5 Rxb6 25.Rxb6 Bc5 26.Rgb1 Bxb6 27.Rxb6 cxd5 
28.Bxd5 Qd8 29.Rd6 Qe7 30.Be4 Bc8 31.Ne2 Bb7 32.Ng3 Bxe4+ 33.Nxe4 Qb7 34.
Qd3 Qb1+ 35.Kg2 Rc8 36.c3 Qxa2+ 37.Kh3 Qc4 38.Qc2 Ne7 39.f6 Nf5 40.fxg7+ 
Kxg7 41.Rf6 Qf1+ 42.Qg2 Rxc3+ 43.Ng3 Qf4 44.Rxf7+ Kxf7 45.Qd5+ Kg6 46.Qe6+
Kxg5 47.Qg8+ Kf6 48.Qf8+ Ke6 49.Qg8+ Kd7 50.Qxh7+ Ne7 51.Qe4 Qxe4 1/2-1/2

[Event "28. Friedensfest-Open (AFRO-A)"]
[Site "Augsburg"]
[Date "2023.08.03"]
[Round "1.24"]
[White "Wezel, Sebastian"]
[Black "Goettler, Raphael"]
[Result "0-1"]
[WhiteElo "1828"]
[BlackElo "1689"]
[EventDate "2023.08.03"]
[Time "09:30:00"]
[WhiteTeam "SV Dettingen Erms"]
[BlackTeam "Schachfreunde Augsburg"]

1.e4 c5 2.Nf3 e6 3.d4 cxd4 4.Nxd4 Nf6 5.Nc3 Nc6 6.Ndb5 Bb4 7.a3 Bxc3+ 8.
Nxc3 d5 9.exd5 exd5 10.Bd3 O-O 11.O-O Bg4 12.f3 Bh5 13.Kh1 Qb6 14.b3 Rad8 
15.Re1 Rfe8 16.Rxe8+ Rxe8 17.Bg5 Ne4 18.Bxe4 dxe4 19.Qd7 f6 20.Bh4 exf3 
21.Qd5+ Bf7 22.Qxf3 Re3 23.Nd5 Qd4 24.Qxe3 Qxa1+ 25.Be1 Qxa3 26.Nc3 Qd6 
27.Bg3 Qd4 28.Bf2 Qxe3 29.Bxe3 Nb4 30.Bxa7 Nxc2 31.Bc5 Bxb3 32.Ne4 Bd5 33.
Nf2 Ne1 0-1

[Event "28. Friedensfest-Open (AFRO-A)"]
[Site "Augsburg"]
[Date "2023.08.04"]
[Round "4.13"]
[White "Goettler, Raphael"]
[Black "Mayer, Arnd"]
[Result "1/2-1/2"]
[WhiteElo "1689"]
[BlackElo "2019"]
[EventDate "2023.08.03"]
[Time "15:30:00"]
[WhiteTeam "Schachfreunde Augsburg"]
[BlackTeam "SV Jedesheim 1921"]

1.e4 c5 2.Nf3 e6 3.d4 cxd4 4.Nxd4 Nf6 5.Nc3 Bb4 6.Bd3 Nc6 7.Nb5 a6 8.Na3 
d5 9.exd5 Nxd5 10.Bd2 Nxc3 11.Bxc3 Bxc3+ 12.bxc3 Qa5 13.Nb1 O-O 14.O-O e5 
15.Nd2 f5 16.Nc4 Qxc3 17.Nb6 Rb8 18.Bc4+ Kh8 19.Qd6 Qb4 20.Qc7 Re8 21.Rab1
Qc5 22.Rfd1 h6 23.Rd5 Qe7 24.Qxe7 Rxe7 25.Rd6 f4 26.Nd5 Re6 27.Rxe6 Bxe6 
28.Ne7 Nxe7 29.Bxe6 g5 30.f3 b5 31.Kf2 Kg7 32.c3 Rb6 33.Bb3 Nf5 34.Rd1 Rd6
35.Rxd6 Nxd6 36.Bd5 Kf6 37.Bc6 Ke6 38.Ke2 Nc4 39.Bb7 a5 40.Bc6 Na3 41.Kd3 
Kd6 42.Be8 Ke7 43.Bc6 Kd6 44.Be8 Ke7 45.Bc6 Kd6 1/2-1/2

[Event "28. Friedensfest-Open (AFRO-A)"]
[Site "Augsburg"]
[Date "2023.08.05"]
[Round "6.26"]
[White "Waibel, Manuel"]
[Black "Haller, Quentin"]
[Result "1/2-1/2"]
[WhiteElo "1815"]
[BlackElo "2042"]
[EventDate "2023.08.03"]
[Time "15:30:00"]
[WhiteTeam "Schachges. Augsburg 1873"]
[BlackTeam "?"]

1.e4 c5 2.Nf3 e6 3.d4 cxd4 4.Nxd4 Nf6 5.Nc3 Nc6 6.Ndb5 Bb4 7.Nd6+ Ke7 8.
Bf4 e5 9.Nf5+ Kf8 10.Bg5 d5 11.exd5 Qxd5 12.Bxf6 Qxd1+ 13.Rxd1 Bxf5 14.Bg5
Nd4 15.Bd3 Nxc2+ 16.Bxc2 Bxc2 17.Rc1 Be4 18.O-O Bc6 19.Rfd1 f6 20.Be3 Ba5 
21.a3 Bxc3 22.Rxc3 Ke7 23.f3 Rhd8 24.Rcd3 Rxd3 25.Rxd3 b6 26.Kf2 Rc8 27.
Bd2 Ke6 28.Bc3 Bd5 29.Ke3 g5 30.g3 Rc4 31.Rd2 h5 32.Kf2 g4 33.fxg4 hxg4 
34.Ke3 f5 35.Rf2 Re4+ 36.Kd2 f4 37.gxf4 exf4 38.Re2 Kf5 39.Rxe4 Kxe4 40.
Ke2 g3 41.hxg3 fxg3 42.Kf1 Kd3 43.Kg1 1/2-1/2

[Event "28. Friedensfest-Open (AFRO-A)"]
[Site "Augsburg"]
[Date "2023.08.04"]
[Round "4.10"]
[White "Schwan, Aaron"]
[Black "Haller, Quentin"]
[Result "1-0"]
[WhiteElo "1834"]
[BlackElo "2042"]
[EventDate "2023.08.03"]
[Time "15:30:00"]
[WhiteTeam "SK Tarrasch 1945 Muenchen"]
[BlackTeam "?"]

1.e4 c5 2.Nf3 e6 3.d4 cxd4 4.Nxd4 Nf6 5.Nc3 Nc6 6.Be2 Bb4 7.Qd3 d5 8.exd5 
Nxd5 9.Bd2 Nf4 10.Bxf4 Qxd4 11.Qxd4 Nxd4 12.Bd3 O-O 13.Bd2 Bd7 14.O-O-O 
Bc6 15.a3 Be7 16.f3 b5 17.Be3 Nf5 18.Bf4 b4 19.axb4 Bxb4 20.Ne2 Nh4 21.Nd4
Bb7 22.Rhg1 a5 23.Bg3 Ng6 24.Nb5 a4 25.Bd6 Bxd6 26.Nxd6 Bc6 27.Be4 Bxe4 
28.Nxe4 Nf4 29.Nc3 a3 30.b3 Rfc8 31.Kd2 Rxc3 32.Kxc3 Ne2+ 33.Kd2 Nxg1 34.
Rxg1 Kf8 35.b4 Ke7 36.Kc3 Kd6 37.Kb3 e5 38.Ra1 f5 39.Rxa3 Re8 40.c4 e4 41.
Ra6+ Ke5 42.fxe4 fxe4 43.Kc3 Rd8 44.Ra5+ Kf4 45.Rd5 Re8 46.Kd2 e3+ 47.Ke2 
Re4 48.g3+ Kg4 49.Rc5 Kh3 50.b5 Kxh2 51.b6 Re8 52.b7 Rb8 53.Rb5 Kxg3 54.c5
Kf4 55.c6 1-0

[Event "28. Friedensfest-Open (AFRO-A)"]
[Site "Augsburg"]
[Date "2023.08.03"]
[Round "2.31"]
[White "Merz, Andreas"]
[Black "Blodig, Vincent"]
[Result "0-1"]
[WhiteElo "1770"]
[BlackElo "1542"]
[EventDate "2023.08.03"]
[Time "15:30:00"]
[WhiteTeam "SC 74 Treuchtlingen"]
[BlackTeam "Schachfreunde Augsburg"]

1.e4 c5 2.Nf3 e6 3.d4 cxd4 4.Nxd4 Nf6 5.Nc3 Nc6 6.Nxc6 bxc6 7.Bd3 d5 8.O-O
Be7 9.Re1 O-O 10.Bg5 h6 11.Bh4 d4 12.Ne2 e5 13.c3 c5 14.Bg3 Nd7 15.f4 Bh4 
16.f5 Bxg3 17.Nxg3 Qb6 18.Qb3 Nf6 19.Qxb6 axb6 20.cxd4 cxd4 21.Rec1 Bd7 
22.Rc7 Rfc8 23.Rb7 Rab8 24.Rxb8 Rxb8 25.Rc1 Rc8 26.Rxc8+ Bxc8 27.h3 Kf8 
28.Kf2 Ke7 29.Ke2 Bb7 30.Kf3 Bc6 31.Nf1 Kd6 32.Nd2 Nd7 33.Bc4 f6 34.b4 Ba4
35.Ke2 Nb8 36.Bd5 Bb5+ 37.Bc4 Kc6 38.Kd3 Na6 39.a3 Nc7 40.Kc2 Ba4+ 41.Bb3 
Bxb3+ 42.Kxb3 Nb5 43.Nb1 Nd6 44.Nd2 Kb5 45.a4+ Kc6 46.Kc2 b5 47.a5 Kb7 48.
Kd3 Ka6 49.Nb3 Nb7 50.g4 Ka7 51.h4 Ka6 52.Kc2 Ka7 53.Kd3 Nd8 54.Nxd4 exd4 
55.Kxd4 Nf7 56.Kd5 Ne5 57.g5 hxg5 58.hxg5 Nd3 59.gxf6 gxf6 60.Ke6 Nxb4 61.
Kxf6 Nc6 62.Ke6 b4 63.f6 b3 64.Kd6 b2 65.Kxc6 b1=Q 66.e5 Qb7+ 67.Kd6 Qf7 
68.e6 Qxf6 69.Kd7 Qd4+ 70.Ke8 Qa4+ 71.Kf8 Qxa5 72.e7 Qf5+ 0-1

[Event "28. Friedensfest-Open (AFRO-A)"]
[Site "Augsburg"]
[Date "2023.08.05"]
[Round "5.34"]
[White "Komarov, Jan"]
[Black "Steinberger, Michael"]
[Result "1/2-1/2"]
[WhiteElo "1793"]
[BlackElo "1561"]
[EventDate "2023.08.03"]
[Time "09:30:00"]
[WhiteTeam "Schachklub Muenchen Suedost e.V."]
[BlackTeam "Schachfreunde Augsburg"]

1.e4 c5 2.Nf3 e6 3.d4 cxd4 4.Nxd4 Nf6 5.Nc3 Nc6 6.a3 a6 7.Be2 Be7 8.O-O 
O-O 9.Be3 d5 10.exd5 exd5 11.Nxc6 bxc6 12.Bf3 Bf5 13.h3 Nd7 14.Ne2 Ne5 15.
Nd4 Nxf3+ 16.Qxf3 Be4 17.Nxc6 Bxf3 18.Nxd8 Be4 19.Nc6 Bf6 20.c3 Rfc8 21.
Nd4 Rab8 22.f3 Bg6 23.Rf2 Re8 24.Bf4 Rb7 25.Rd1 Rbe7 26.Kh2 h6 27.Nc6 Re2 
28.Rxe2 Rxe2 29.Rd2 Rxd2 30.Bxd2 Bd3 31.Nb4 Bc4 32.b3 Bxb3 33.Nxa6 Be7 34.
Nb4 Kf8 35.f4 Ke8 36.Kg3 Kd7 37.Kf3 Kc7 38.Be3 Kd6 39.Bd4 f6 40.Nd3 Kc6 
41.Nb4+ Kb5 42.Kg4 g6 43.Kf3 h5 44.h4 f5 45.g3 Bxb4 46.cxb4 Kc4 47.Ke3 Ba4
1/2-1/2

[Event "28. Friedensfest-Open (AFRO-A)"]
[Site "Augsburg"]
[Date "2023.08.03"]
[Round "2.18"]
[White "Bangerter, Daria"]
[Black "Kuhn, Hubert"]
[Result "0-1"]
[WhiteElo "1802"]
[BlackElo "1989"]
[EventDate "2023.08.03"]
[Time "15:30:00"]
[WhiteTeam "Zuerich Reti ASK"]
[BlackTeam "MSA Zugzwang 82 e.V."]

1.e4 c5 2.Nf3 Nc6 3.Bb5 Nf6 4.Qe2 g6 5.Bxc6 dxc6 6.c3 Bg4 7.h3 Bxf3 8.Qxf3
Bg7 9.O-O O-O 10.Na3 e5 11.Rd1 Ne8 12.d3 Nc7 13.Be3 Ne6 14.Nc2 a5 15.Qe2 
f5 16.exf5 gxf5 17.d4 cxd4 18.cxd4 e4 19.Qc4 Qd5 20.Qxd5 cxd5 21.f3 Rac8 
22.Rac1 f4 23.Bd2 e3 24.Be1 e2 25.Rd2 Nxd4 26.Bf2 Nxc2 27.Rdxc2 Rxc2 28.
Rxc2 Re8 29.Be1 Bd4+ 30.Kh2 Bb6 31.g3 d4 32.Rd2 Re3 33.gxf4 d3 34.Kg3 a4 
35.b3 Ba5 36.Kf2 Bxd2 37.Bxd2 e1=Q+ 38.Bxe1 Re2+ 39.Kf1 a3 0-1

[Event "28. Friedensfest-Open (AFRO-A)"]
[Site "Augsburg"]
[Date "2023.08.05"]
[Round "6.16"]
[White "Glaab, Nikolai"]
[Black "Zill, Christoph"]
[Result "1/2-1/2"]
[WhiteElo "1793"]
[BlackElo "2183"]
[EventDate "2023.08.03"]
[Time "15:30:00"]
[WhiteTeam "SK Koenigsbrunn"]
[BlackTeam "SK Freising"]

1.e4 c5 2.Nf3 Nc6 3.Bb5 Nd4 4.Nxd4 cxd4 5.c3 a6 6.Ba4 dxc3 7.Nxc3 b5 8.Bb3
e6 9.d4 Bb7 10.Bc2 b4 11.Ne2 Nf6 12.f3 Be7 13.Be3 a5 14.a3 O-O 15.O-O Qb6 
16.axb4 axb4 17.Rxa8 Rxa8 18.Bb3 Ba6 19.Qd2 Qb5 20.Ra1 Rc8 21.Kf2 d5 22.e5
Ne8 23.Nf4 Nc7 24.Rc1 Na8 25.Rxc8+ Bxc8 26.Qd3 Ba6 27.Qxb5 Bxb5 28.Bc1 Nb6
29.Ke3 Bc4 30.Bd1 Bg5 31.b3 Bb5 32.Bd2 Be7 33.g3 Nd7 34.Nd3 Bxd3 35.Kxd3 
Nb8 36.Be2 Nc6 37.f4 Bd8 38.Be3 Bb6 39.Bf3 f6 40.Bg4 f5 41.Bf3 g6 42.Be2 
Kg7 43.Bf3 h6 44.Be2 g5 45.Bf3 Kg6 46.Be2 gxf4 47.gxf4 1/2-1/2

[Event "28. Friedensfest-Open (AFRO-A)"]
[Site "Augsburg"]
[Date "2023.08.05"]
[Round "5.6"]
[White "Schwan, Aaron"]
[Black "Baur, Frank"]
[Result "1/2-1/2"]
[WhiteElo "1834"]
[BlackElo "2042"]
[EventDate "2023.08.03"]
[Time "09:30:00"]
[WhiteTeam "SK Tarrasch 1945 Muenchen"]
[BlackTeam "SF Mengen"]

1.e4 c5 2.Nf3 Nc6 3.Bb5 g6 4.O-O Bg7 5.Bxc6 dxc6 6.d3 Qc7 7.a3 Nf6 8.Nbd2 
O-O 9.Qe2 e5 10.b4 Bg4 11.bxc5 Nd7 12.Nb3 Rfe8 13.Bb2 Bf8 14.Qe3 b6 15.
cxb6 axb6 16.Ng5 Nc5 17.Nxc5 Bxc5 18.Qg3 Bc8 19.Kh1 f6 20.Nf3 Bd6 21.h4 
Qe7 22.a4 Be6 23.h5 g5 24.Nh2 Qf7 25.Qf3 g4 26.Nxg4 Qxh5+ 27.Nh2 Qxf3 28.
Nxf3 c5 29.Bc3 Ra6 30.Rfb1 Bd7 31.a5 b5 32.Bd2 Rea8 33.Rb2 b4 34.Rba2 Be6 
35.Ra4 Bd7 36.R4a2 Be6 37.Ra4 Bd7 1/2-1/2

[Event "28. Friedensfest-Open (AFRO-A)"]
[Site "Augsburg"]
[Date "2023.08.04"]
[Round "3.30"]
[White "Holuba, Stefan"]
[Black "Wezel, Sebastian"]
[Result "1/2-1/2"]
[WhiteElo "1757"]
[BlackElo "1828"]
[EventDate "2023.08.03"]
[Time "09:30:00"]
[WhiteTeam "SK Caissa Augsburg"]
[BlackTeam "SV Dettingen Erms"]

1.e4 c5 2.Nf3 Nc6 3.d4 cxd4 4.Nxd4 Nf6 5.Nxc6 bxc6 6.e5 Qa5+ 7.Nc3 Qxe5+ 
8.Be2 Qc7 9.O-O e5 10.Re1 Be7 11.Bf3 O-O 12.Qe2 d6 13.Bg5 Rb8 14.b3 Be6 
15.Rad1 h6 16.Bc1 Nd7 17.g3 f5 18.Bg2 Rfe8 19.Qh5 Rf8 20.f4 e4 21.Ne2 c5 
22.Nc3 Kh7 23.Nd5 Bxd5 24.Rxd5 g6 25.Qe2 Nb6 26.Rdd1 d5 27.g4 d4 28.gxf5 
gxf5 29.Bxe4 Bh4 30.Bd3 Qg7+ 31.Qg2 Qxg2+ 32.Kxg2 Bxe1 33.Rxe1 Rbe8 34.
Bxf5+ Kg7 35.Be4 Nd5 36.Kf3 Nc3 37.Rg1+ Kh8 38.Bd3 Rg8 39.Rf1 Nxa2 40.Bd2 
Nb4 41.Be4 Re7 1/2-1/2

[Event "28. Friedensfest-Open (AFRO-A)"]
[Site "Augsburg"]
[Date "2023.08.04"]
[Round "4.40"]
[White "Wagner, Cosima Thien-An"]
[Black "Rempel, Alexander sen."]
[Result "1-0"]
[WhiteElo "1537"]
[BlackElo "1683"]
[EventDate "2023.08.03"]
[Time "15:30:00"]
[WhiteTeam "TV Tegernsee"]
[BlackTeam "Schachfreunde Augsburg"]

1.e4 c5 2.Nf3 Nc6 3.d4 cxd4 4.Nxd4 g6 5.Nc3 Bg7 6.Be3 Nf6 7.Bc4 O-O 8.O-O 
Nxe4 9.Nxc6 Nxc3 10.Nxd8 Nxd1 11.Bxf7+ Kh8 12.Raxd1 Rxd8 13.c3 b6 14.Bg5 
Bf6 15.Bxf6+ exf6 16.Rd6 Kg7 17.Bd5 Rb8 18.Re1 Rf8 19.Re7+ Kh8 20.Bc4 a6 
21.Bd5 b5 22.a3 f5 23.Bf7 Rd8 24.f3 Ra8 25.Be8 Ra7 26.Rf6 Kg8 27.Rff7 Rxe8
28.Rg7+ Kf8 29.Ref7# 1-0

[Event "28. Friedensfest-Open (AFRO-A)"]
[Site "Augsburg"]
[Date "2023.08.05"]
[Round "6.31"]
[White "Schindler, Alexander"]
[Black "Kuehn, Marvin"]
[Result "1-0"]
[WhiteElo "1909"]
[BlackElo "1669"]
[EventDate "2023.08.03"]
[Time "15:30:00"]
[WhiteTeam "Schachfreunde Augsburg"]
[BlackTeam "SK Graefelfing"]

1.e4 c5 2.Nf3 Nc6 3.d4 cxd4 4.Nxd4 g6 5.c4 Bg7 6.Be3 Nf6 7.Nc3 O-O 8.Rc1 
d6 9.Be2 Nxd4 10.Bxd4 Bd7 11.O-O Bc6 12.f3 Nd7 13.Bxg7 Kxg7 14.Qd4+ Kg8 
15.Rfd1 a6 16.f4 b5 17.Nd5 bxc4 18.Bxc4 Bb5 19.Nc7 Rb8 20.Bxb5 axb5 21.Qe3
Rb7 22.Nd5 e6 23.Nb4 Nb6 24.b3 Re8 25.Qd3 Nc8 26.Rc6 Qa5 27.Qc3 Rb8 28.Rc1
Qa8 29.Na6 Ne7 30.Nxb8 Rxb8 31.Rc7 1-0

[Event "28. Friedensfest-Open (AFRO-A)"]
[Site "Augsburg"]
[Date "2023.08.05"]
[Round "6.41"]
[White "Gehring, Bastian"]
[Black "Rempel, Alexander sen."]
[Result "0-1"]
[WhiteElo "1726"]
[BlackElo "1683"]
[EventDate "2023.08.03"]
[Time "15:30:00"]
[WhiteTeam "SC Sonthofen"]
[BlackTeam "Schachfreunde Augsburg"]

1.e4 c5 2.Nf3 Nc6 3.d4 cxd4 4.Nxd4 g6 5.Bc4 Bg7 6.c3 Nf6 7.Nxc6 bxc6 8.Nd2
d5 9.exd5 cxd5 10.Bb3 O-O 11.O-O e6 12.Nf3 Qc7 13.g3 Bb7 14.Bf4 Qc5 15.Ne5
Rfd8 16.Be3 Qb5 17.Qd4 Ne4 18.f3 Nd6 19.Bf4 f6 20.Nd3 e5 21.Nxe5 fxe5 22.
Bxe5 Bxe5 23.Qxe5 Nf7 24.Qd4 Qb6 25.Rad1 Rd6 26.Rf2 Qxd4 27.Rxd4 Rad8 28.
Rfd2 Kf8 29.Kf2 Bc6 30.Ke3 R6d7 31.c4 dxc4 32.Rxd7 Rxd7 33.Rxd7 Bxd7 34.
Bxc4 Ne5 35.b3 Bc6 36.Be2 Ke7 37.h4 Bd5 38.Kd4 Kd6 39.f4 Nc6+ 40.Kc3 Ne7 
41.Bd3 Nf5 42.Bxf5 gxf5 43.a3 h5 44.b4 Bf3 45.Kc4 a6 46.Kb3 Kc6 47.Ka4 Kb6
48.Kb3 Bd1+ 49.Kc4 a5 50.bxa5+ Kxa5 51.Kd4 Ka4 52.Ke5 Bg4 53.Kd4 Kxa3 54.
Kd3 Kb3 55.Kd2 Kc4 56.Ke3 Bh3 57.Kf2 Kd3 58.Kf3 Kd2 59.Kf2 Bg4 60.Kg2 Ke2 
61.Kg1 Kf3 62.Kh2 Kf2 0-1

[Event "28. Friedensfest-Open (AFRO-A)"]
[Site "Augsburg"]
[Date "2023.08.03"]
[Round "2.32"]
[White "Wezel, Sebastian"]
[Black "Wang, Simon"]
[Result "1-0"]
[WhiteElo "1828"]
[BlackElo "1517"]
[EventDate "2023.08.03"]
[Time "15:30:00"]
[WhiteTeam "SV Dettingen Erms"]
[BlackTeam "SF Dachau 1932 e.V."]

1.e4 c6 2.Nc3 d5 3.Nf3 g6 4.d4 dxe4 5.Nxe4 Bg7 6.Bc4 Bg4 7.Bxf7+ Kxf7 8.
Nfg5+ Ke8 9.Qxg4 Nh6 10.Qe2 Nf5 11.c3 Qd5 12.h4 h6 13.Nh3 e5 14.dxe5 Qxe5 
15.Bf4 Qe7 16.O-O-O Na6 17.Rhe1 Be5 18.Bxe5 1-0

[Event "28. Friedensfest-Open (AFRO-A)"]
[Site "Augsburg"]
[Date "2023.08.03"]
[Round "1.14"]
[White "Vuckovic, Robert"]
[Black "Baur, Frank"]
[Result "1-0"]
[WhiteElo "1906"]
[BlackElo "2042"]
[EventDate "2023.08.03"]
[Time "09:30:00"]
[WhiteTeam "Schachfreunde Augsburg"]
[BlackTeam "SF Mengen"]

1.e4 c6 2.Nf3 d5 3.d3 dxe4 4.dxe4 Qxd1+ 5.Kxd1 Nf6 6.Nbd2 g6 7.Ne1 Bh6 8.
f3 O-O 9.c3 Be6 10.Kc2 a5 11.a4 Nbd7 12.Nd3 b5 13.axb5 cxb5 14.Nb3 Bxb3+ 
15.Kxb3 Bxc1 16.Rxc1 Nb6 17.Nf2 Nc4 18.Bxc4 a4+ 19.Kb4 bxc4 20.Kxc4 Nd7 
21.Kd3 Ne5+ 22.Ke2 Rfb8 23.Rc2 Nc4 24.Nd3 Rb3 25.Ra1 Kg7 26.Ra2 a3 27.bxa3
Nxa3 28.Rab2 Rab8 29.Nb4 R8xb4 30.cxb4 Nxc2 31.Rxb3 Nd4+ 32.Kd3 Nxb3 33.
Kc3 Nc1 34.b5 Ne2+ 35.Kc4 Nf4 36.b6 Ne6 37.b7 1-0

[Event "28. Friedensfest-Open (AFRO-A)"]
[Site "Augsburg"]
[Date "2023.08.04"]
[Round "4.16"]
[White "Glaab, Nikolai"]
[Black "Notz, Lukas"]
[Result "1/2-1/2"]
[WhiteElo "1793"]
[BlackElo "1936"]
[EventDate "2023.08.03"]
[Time "15:30:00"]
[WhiteTeam "SK Koenigsbrunn"]
[BlackTeam "SV Dettingen Erms"]

1.e4 c6 2.Nc3 d5 3.Nf3 Bg4 4.h3 Bxf3 5.Qxf3 e6 6.Be2 Nf6 7.O-O Be7 8.Rd1 
dxe4 9.Nxe4 Nbd7 10.d4 Nxe4 11.Qxe4 Nf6 12.Qf3 Qb6 13.a4 a6 14.a5 Qc7 15.
c3 Rd8 16.Bf4 Bd6 17.Bg5 Be7 18.Re1 Nd5 19.Bxe7 Nxe7 20.b4 O-O 21.g3 Rd7 
22.Bd3 Nd5 23.Bc2 Re7 24.Re5 f6 25.Re2 e5 26.Bb3 Kh8 27.dxe5 Rxe5 28.Rae1 
Rfe8 29.Bxd5 cxd5 30.Rxe5 Rxe5 31.Rxe5 1/2-1/2

[Event "28. Friedensfest-Open (AFRO-A)"]
[Site "Augsburg"]
[Date "2023.08.05"]
[Round "6.34"]
[White "Heron, Andrew"]
[Black "Wang, Simon"]
[Result "1-0"]
[WhiteElo "1852"]
[BlackElo "1517"]
[EventDate "2023.08.03"]
[Time "15:30:00"]
[WhiteTeam "SC Triesen"]
[BlackTeam "SF Dachau 1932 e.V."]

1.e4 c6 2.Nf3 d5 3.Nc3 Bg4 4.h3 Bxf3 5.Qxf3 e6 6.b3 Nf6 7.Bb2 Bc5 8.e5 
Nfd7 9.Qg4 O-O 10.Ne2 h6 11.h4 Kh8 12.Nf4 Rg8 13.Qh5 Qf8 14.d4 Bb4+ 15.c3 
Be7 16.Bd3 Qe8 17.g4 Bf8 18.g5 g6 19.Qg4 Kh7 20.h5 Kh8 21.hxg6 fxg6 22.
gxh6 Kh7 23.Nxg6 Rxg6 24.Rg1 1-0

[Event "28. Friedensfest-Open (AFRO-A)"]
[Site "Augsburg"]
[Date "2023.08.04"]
[Round "4.37"]
[White "Brand, Leonhard"]
[Black "Wang, Simon"]
[Result "1/2-1/2"]
[WhiteElo "1781"]
[BlackElo "1517"]
[EventDate "2023.08.03"]
[Time "15:30:00"]
[WhiteTeam "SK Freising"]
[BlackTeam "SF Dachau 1932 e.V."]

1.e4 c6 2.Nc3 d5 3.Nf3 Bg4 4.h3 Bxf3 5.Qxf3 e6 6.d3 Bd6 7.Bd2 Nd7 8.g4 Qb6
9.O-O-O Ne7 10.Be2 Ne5 11.Qg2 O-O-O 12.f4 Nd7 13.exd5 Nxd5 14.Nxd5 exd5 
15.f5 Bc5 16.Rhe1 Be3 17.c3 Rhe8 18.d4 Bxd2+ 19.Rxd2 Re7 20.Qf2 Rde8 21.
Rdd1 Nf6 22.Bd3 Ne4 23.Bxe4 Rxe4 24.Rxe4 Rxe4 25.Re1 Rxe1+ 26.Qxe1 Qd8 27.
Qe5 Qf8 28.a3 Kd7 29.Kd2 h6 30.h4 f6 31.Qe6+ Kc7 32.Ke3 Qd6 33.Qxd6+ Kxd6 
34.Kf4 a6 35.g5 h5 1/2-1/2

[Event "28. Friedensfest-Open (AFRO-A)"]
[Site "Augsburg"]
[Date "2023.08.03"]
[Round "2.2"]
[White "Reimann, Sebastian"]
[Black "Stork, Simon"]
[Result "1-0"]
[WhiteElo "2265"]
[BlackElo "2080"]
[EventDate "2023.08.03"]
[Time "15:30:00"]
[WhiteTeam "SK Kriegshaber"]
[BlackTeam "TSV Langenau"]

1.e4 c6 2.Nc3 d5 3.Nf3 Nf6 4.e5 Ne4 5.Ne2 Qb6 6.d4 e6 7.Ng3 Nxg3 8.fxg3 c5
9.Bd3 Be7 10.O-O cxd4 11.Qe2 h6 12.g4 g6 13.a3 Bd7 14.b4 a6 15.Qf2 Rh7 16.
g5 h5 17.c3 Bb5 18.Bxb5+ Qxb5 19.cxd4 Nd7 20.a4 Qc6 21.b5 Qc7 22.Bd2 Nb6 
23.Ba5 Bd8 24.Rfc1 Qd7 25.Bxb6 Bxb6 26.a5 Bd8 27.b6 h4 28.h3 Rc8 29.Qd2 
Rxc1+ 30.Rxc1 Rh5 31.Rc5 Qa4 32.Kh2 Qa3 33.Rc8 Qe7 34.Qc1 Qd7 35.Qc7 Rh8 
36.Rb8 Ke7 37.Qxb7 Re8 38.Qxa6 Qa4 39.b7 Bc7 40.Rc8 Qc2 41.Qd6+ Bxd6 42.
exd6+ Kxd6 43.b8=Q+ 1-0

[Event "28. Friedensfest-Open (AFRO-A)"]
[Site "Augsburg"]
[Date "2023.08.03"]
[Round "2.8"]
[White "Schindler, Alexander"]
[Black "Jussim, Maxim"]
[Result "0-1"]
[WhiteElo "1909"]
[BlackElo "2098"]
[EventDate "2023.08.03"]
[Time "15:30:00"]
[WhiteTeam "Schachfreunde Augsburg"]
[BlackTeam "Schachfreunde Augsburg"]

1.e4 c6 2.Nc3 d5 3.Nf3 dxe4 4.Nxe4 Nf6 5.Qe2 Nxe4 6.Qxe4 Nd7 7.Bc4 Nf6 8.
Ne5 e6 9.Qe2 b5 10.Nxc6 Qc7 11.Bxb5 a6 12.Ne5+ axb5 13.Qxb5+ Nd7 14.Nxd7 
Bxd7 15.Qb3 Ba4 16.Qf3 Qe5+ 17.Qe3 Qxe3+ 18.dxe3 Bxc2 19.Bd2 Bb3 20.a3 Be7
21.Bc3 O-O 22.O-O Rfc8 23.Rac1 Ra4 24.Bd4 Rac4 25.Rxc4 Rxc4 26.f3 f6 27.f4
Bc5 28.Bxc5 Rxc5 29.Rf2 Rc1+ 30.Rf1 Rc4 31.Rf2 Rc1+ 32.Rf1 Rc2 33.Rf2 Kf7 
34.Rxc2 Bxc2 35.Kf2 Ke7 36.Ke2 Kd6 37.Kd2 Be4 38.g3 Kc5 39.Kc3 e5 40.a4 
Bd5 41.g4 g5 42.b4+ Kb6 43.fxg5 fxg5 44.Kd3 Kc6 45.Kc3 Be4 46.Kc4 Bd5+ 47.
Kc3 Bf3 48.Kc4 Be2+ 49.Kc3 Bxg4 50.Kd3 Bf5+ 51.Kc4 Be4 52.b5+ Kb6 53.Kb4 
g4 54.a5+ Kc7 55.Kc5 h5 56.b6+ Kb7 57.Kd6 h4 58.Kxe5 g3 0-1